| 000 | 01338cam a2200289 a 4500 | ||
|---|---|---|---|
| 999 |
_c3690 _d3690 |
||
| 001 | 598375 | ||
| 003 | OSt | ||
| 005 | 20240807112643.0 | ||
| 008 | 071102s2008 enk d 000 0 eng d | ||
| 020 |
_a9781407109084 : _q(pbk.) |
||
| 040 |
_aTPTC _cKH8 |
||
| 042 | _anbic | ||
| 082 | _aFIC COL | ||
| 100 | 1 |
_aCollins, Suzanne, _eauthor. |
|
| 245 | 1 | 4 |
_aThe Hunger Games / _cSuzanne Collins. |
| 260 |
_aNew York : _bScholastic, _cc2008,2009. |
||
| 300 |
_a374 p. ; _c21 cm. |
||
| 500 | _aFirst Scholastic paperback printing,September 2009. | ||
| 520 | _aMay the odds be ever in your favour. Winning will make you famous. Losing means certain death. In a dark vision of the near future, twelve boys and twelve girls are forced to appear in a live TV show called the Hunger Games. There is only one rule: kill or be killed. When sixteen-year-old Katniss Everdeen steps forward to take her sister's place in the games, she sees it as a death sentence. But Katniss has been close to death before. For her, survival is second nature. | ||
| 600 | 1 | 0 |
_aEverdeen, Katniss _c(Fictitious character) _vFiction. |
| 650 | 0 |
_aReality television programs _vFiction. |
|
| 650 | 0 |
_aContests _vJuvenile fiction. |
|
| 650 | 0 |
_aSurvival _vJuvenile fiction. |
|
| 650 | 0 | _aYoung adult fiction. | |
| 830 | 0 |
_aHunger Games (Series) ; _v1. |
|
| 942 |
_2ddc _cFIC |
||